<?xml version="1.0" encoding="UTF-8"?>
<collection xmlns="http://www.loc.gov/MARC21/slim">
 <record>
  <leader>02420nam a22002897a 4500</leader>
  <controlfield tag="001">NCT_3227</controlfield>
  <controlfield tag="008">171013b        xxu||||| |||| 00| 0 vie d</controlfield>
  <datafield tag="999" ind1=" " ind2=" ">
   <subfield code="c">164</subfield>
   <subfield code="d">164</subfield>
  </datafield>
  <datafield tag="082" ind1="0" ind2="1">
   <subfield code="2">23rd ed.</subfield>
   <subfield code="a">616.21</subfield>
   <subfield code="b">S105</subfield>
  </datafield>
  <datafield tag="100" ind1="1" ind2=" ">
   <subfield code="a">Vũ Văn Sản</subfield>
  </datafield>
  <datafield tag="245" ind1=" " ind2=" ">
   <subfield code="a">Viêm mũi dị ứng và viêm mũi vận mạch</subfield>
   <subfield code="c">Vũ Văn Sản</subfield>
  </datafield>
  <datafield tag="250" ind1="1" ind2="0">
   <subfield code="a">Tái bản lần thứ nhất </subfield>
  </datafield>
  <datafield tag="260" ind1=" " ind2=" ">
   <subfield code="a">H.</subfield>
   <subfield code="b">Y học</subfield>
   <subfield code="c">2010</subfield>
  </datafield>
  <datafield tag="300" ind1=" " ind2=" ">
   <subfield code="a">157</subfield>
   <subfield code="b">Minh họa</subfield>
   <subfield code="c">21 cm</subfield>
  </datafield>
  <datafield tag="520" ind1=" " ind2=" ">
   <subfield code="a">Nội dung cung cấp những kiến thức cần thiết để chuẩn đoán xác định viêm mũi dị ứng và viêm mũi vận mạch, bạn đọc sẽ có thêm tầm nhìn khái quát về hướng điều trị, nghiên cứu về bệnh viêm mũi hiện nay..</subfield>
  </datafield>
  <datafield tag="942" ind1=" " ind2=" ">
   <subfield code="2">ddc</subfield>
   <subfield code="c">BK</subfield>
  </datafield>
  <datafield tag="952" ind1=" " ind2=" ">
   <subfield code="0">0</subfield>
   <subfield code="1">0</subfield>
   <subfield code="2">ddc</subfield>
   <subfield code="4">0</subfield>
   <subfield code="6">616_210000000000000_S105</subfield>
   <subfield code="7">0</subfield>
   <subfield code="9">922</subfield>
   <subfield code="a">000001</subfield>
   <subfield code="b">000001</subfield>
   <subfield code="d">2017-10-13</subfield>
   <subfield code="o">616.21 S105</subfield>
   <subfield code="p">MD.01020</subfield>
   <subfield code="r">2017-10-13</subfield>
   <subfield code="v">29000.00</subfield>
   <subfield code="w">2017-10-13</subfield>
   <subfield code="y">BK</subfield>
  </datafield>
  <datafield tag="952" ind1=" " ind2=" ">
   <subfield code="0">0</subfield>
   <subfield code="1">0</subfield>
   <subfield code="2">ddc</subfield>
   <subfield code="4">0</subfield>
   <subfield code="6">616_210000000000000_S105</subfield>
   <subfield code="7">0</subfield>
   <subfield code="9">923</subfield>
   <subfield code="a">000001</subfield>
   <subfield code="b">000001</subfield>
   <subfield code="d">2017-10-13</subfield>
   <subfield code="o">616.21 S105</subfield>
   <subfield code="p">MD.01021</subfield>
   <subfield code="r">2017-10-13</subfield>
   <subfield code="v">29000.00</subfield>
   <subfield code="w">2017-10-13</subfield>
   <subfield code="y">BK</subfield>
  </datafield>
  <datafield tag="952" ind1=" " ind2=" ">
   <subfield code="0">0</subfield>
   <subfield code="1">0</subfield>
   <subfield code="2">ddc</subfield>
   <subfield code="4">0</subfield>
   <subfield code="6">616_210000000000000_S105</subfield>
   <subfield code="7">0</subfield>
   <subfield code="9">924</subfield>
   <subfield code="a">000001</subfield>
   <subfield code="b">000001</subfield>
   <subfield code="d">2017-10-13</subfield>
   <subfield code="l">1</subfield>
   <subfield code="o">616.21 S105</subfield>
   <subfield code="p">MD.01022</subfield>
   <subfield code="r">2020-07-14</subfield>
   <subfield code="s">2020-07-14</subfield>
   <subfield code="v">29000.00</subfield>
   <subfield code="w">2017-10-13</subfield>
   <subfield code="y">BK</subfield>
  </datafield>
  <datafield tag="952" ind1=" " ind2=" ">
   <subfield code="0">0</subfield>
   <subfield code="1">0</subfield>
   <subfield code="2">ddc</subfield>
   <subfield code="4">0</subfield>
   <subfield code="6">616_210000000000000_S105</subfield>
   <subfield code="7">0</subfield>
   <subfield code="9">925</subfield>
   <subfield code="a">000001</subfield>
   <subfield code="b">000001</subfield>
   <subfield code="d">2017-10-13</subfield>
   <subfield code="o">616.21 S105</subfield>
   <subfield code="p">MD.01023</subfield>
   <subfield code="r">2017-10-13</subfield>
   <subfield code="v">29000.00</subfield>
   <subfield code="w">2017-10-13</subfield>
   <subfield code="y">BK</subfield>
  </datafield>
  <datafield tag="952" ind1=" " ind2=" ">
   <subfield code="0">0</subfield>
   <subfield code="1">0</subfield>
   <subfield code="2">ddc</subfield>
   <subfield code="4">0</subfield>
   <subfield code="6">616_210000000000000_S105</subfield>
   <subfield code="7">0</subfield>
   <subfield code="9">926</subfield>
   <subfield code="a">000001</subfield>
   <subfield code="b">000001</subfield>
   <subfield code="d">2017-10-13</subfield>
   <subfield code="o">616.21 S105</subfield>
   <subfield code="p">MD.01024</subfield>
   <subfield code="r">2017-10-13</subfield>
   <subfield code="v">29000.00</subfield>
   <subfield code="w">2017-10-13</subfield>
   <subfield code="y">BK</subfield>
  </datafield>
  <datafield tag="952" ind1=" " ind2=" ">
   <subfield code="0">0</subfield>
   <subfield code="1">0</subfield>
   <subfield code="2">ddc</subfield>
   <subfield code="4">0</subfield>
   <subfield code="6">616_210000000000000_S105</subfield>
   <subfield code="7">0</subfield>
   <subfield code="9">15949</subfield>
   <subfield code="a">000001</subfield>
   <subfield code="b">000001</subfield>
   <subfield code="d">2019-02-28</subfield>
   <subfield code="o">616.21 S105</subfield>
   <subfield code="p">MD.14681</subfield>
   <subfield code="r">2019-02-28</subfield>
   <subfield code="v">29000.00</subfield>
   <subfield code="w">2019-02-28</subfield>
   <subfield code="y">BK</subfield>
  </datafield>
  <datafield tag="952" ind1=" " ind2=" ">
   <subfield code="0">0</subfield>
   <subfield code="1">0</subfield>
   <subfield code="2">ddc</subfield>
   <subfield code="4">0</subfield>
   <subfield code="6">616_210000000000000_S105</subfield>
   <subfield code="7">0</subfield>
   <subfield code="9">15950</subfield>
   <subfield code="a">000001</subfield>
   <subfield code="b">000001</subfield>
   <subfield code="d">2019-02-28</subfield>
   <subfield code="l">1</subfield>
   <subfield code="o">616.21 S105</subfield>
   <subfield code="p">MD.14682</subfield>
   <subfield code="r">2020-06-18</subfield>
   <subfield code="s">2020-06-11</subfield>
   <subfield code="v">29000.00</subfield>
   <subfield code="w">2019-02-28</subfield>
   <subfield code="y">BK</subfield>
  </datafield>
  <datafield tag="952" ind1=" " ind2=" ">
   <subfield code="0">0</subfield>
   <subfield code="1">0</subfield>
   <subfield code="2">ddc</subfield>
   <subfield code="4">0</subfield>
   <subfield code="6">616_210000000000000_S105</subfield>
   <subfield code="7">0</subfield>
   <subfield code="9">15951</subfield>
   <subfield code="a">000001</subfield>
   <subfield code="b">000001</subfield>
   <subfield code="d">2019-02-28</subfield>
   <subfield code="o">616.21 S105</subfield>
   <subfield code="p">MD.14683</subfield>
   <subfield code="r">2019-02-28</subfield>
   <subfield code="v">29000.00</subfield>
   <subfield code="w">2019-02-28</subfield>
   <subfield code="y">BK</subfield>
  </datafield>
  <datafield tag="952" ind1=" " ind2=" ">
   <subfield code="0">0</subfield>
   <subfield code="1">0</subfield>
   <subfield code="2">ddc</subfield>
   <subfield code="4">0</subfield>
   <subfield code="6">616_210000000000000_S105</subfield>
   <subfield code="7">0</subfield>
   <subfield code="9">15952</subfield>
   <subfield code="a">000001</subfield>
   <subfield code="b">000001</subfield>
   <subfield code="d">2019-02-28</subfield>
   <subfield code="o">616.21 S105</subfield>
   <subfield code="p">MD.14684</subfield>
   <subfield code="r">2019-02-28</subfield>
   <subfield code="v">29000.00</subfield>
   <subfield code="w">2019-02-28</subfield>
   <subfield code="y">BK</subfield>
  </datafield>
  <datafield tag="952" ind1=" " ind2=" ">
   <subfield code="0">0</subfield>
   <subfield code="1">0</subfield>
   <subfield code="2">ddc</subfield>
   <subfield code="4">0</subfield>
   <subfield code="6">616_210000000000000_S105</subfield>
   <subfield code="7">0</subfield>
   <subfield code="9">15953</subfield>
   <subfield code="a">000001</subfield>
   <subfield code="b">000001</subfield>
   <subfield code="d">2019-02-28</subfield>
   <subfield code="o">616.21 S105</subfield>
   <subfield code="p">MD.14685</subfield>
   <subfield code="r">2019-02-28</subfield>
   <subfield code="v">29000.00</subfield>
   <subfield code="w">2019-02-28</subfield>
   <subfield code="y">BK</subfield>
  </datafield>
  <datafield tag="980" ind1=" " ind2=" ">
   <subfield code="a">Thư viện Trường Đại học Nam Cần Thơ</subfield>
  </datafield>
 </record>
</collection>
